|
|
|
|
| LEADER |
00000nam a22000007a 4500 |
| 005 |
20160607121422.0 |
| 007 |
cr|||| ||u| |
| 008 |
160607s2016 ck ||||| |||| 00||0 spa d |
| 020 |
|
|
|a 978-958-59217-1-9
|
| 035 |
|
|
|a 14285
|
| 040 |
|
|
|a vLex
|
| 090 |
|
|
|c 6164
|d 6164
|
| 100 |
1 |
|
|a Chavarro Cadena, Jorge Enrique
|
| 245 |
1 |
0 |
|a Estatuto Tributario Nacional 2016
|h [Recurso electrn̤ico] /
|c Jorge Enrique Chavarro Cadena
|
| 256 |
|
|
|a Servicio en ln̕ea
|
| 260 |
|
|
|a Colombia
|b Editorial Nueva Legislacin̤
|c 2016
|
| 300 |
|
|
|a 1 recurso electrn̤ico (1232 pg̀inas)
|
| 500 |
|
|
|a Comentarios - Concordancias, doctrina y jurisprudencia
|
| 506 |
1 |
|
|a Solo disponible en los producots indicados
|d vLex Global
|d vLex Global (Academic Edition, excluding Law Schools)
|d vLex Global (U.S. Academic Edition, Law Schools)
|d vLex Global (U.S. Academic Edition, excluding Law Schools)
|d vLex Global (Academic Edition, Law Schools)
|
| 650 |
0 |
4 |
|a Derecho fiscal
|z Colombia
|
| 740 |
0 |
|
|a vLex libros (servicio en ln̕ea)
|
| 856 |
4 |
0 |
|u http://vlex.com/source/estatuto-tributario-nacional-2016-14285
|z Acceso restringido
|
| 942 |
|
|
|c BOOK
|
| 999 |
0 |
|
|a Taxation
|b Colombia
|